| 000 | 01167nam a2200301 a 4500 | ||
|---|---|---|---|
| 001 | 000113256 | ||
| 003 | CHAP | ||
| 005 | 20230315113052.0 | ||
| 008 | 170525s2017 mx sm |||||||spa d | ||
| 010 | _a109717 | ||
| 011 | _a110689 | ||
| 040 | _cCHAP | ||
| 090 | _aTesis | ||
| 100 | 1 |
_aRamírez Hernández, Rubén _9132349 |
|
| 245 | 1 | 0 |
_aProducción de forraje de Lotus corniculatos L. en función de la intercepción luminosa y un corte fijo _h[En línea] _cpor Rubén Ramírez Hernández. |
| 260 |
_aChapingo, Méx. : _bEl autor, _c2017. |
||
| 500 | _aPara ver el contenido del material haga clic en la liga | ||
| 502 | _aTesis (Ing. Agr. Esp. en Zootecnia ) -- UACH. Departamento de Enseñanza Investigación y Servicio en Zootecnia | ||
| 590 |
_aE5765TAJ _b05 _c20170525 _lUCH01 _h1152 |
||
| 590 |
_aE5765TAJ _b05 _c20170525 _lUCH01 _h1153 |
||
| 650 | 1 | 2 |
_aLotus corniculatus _xFisiología y morfología _9132350 |
| 650 | 1 | 4 |
_aLuz _xEfecto en Lotus corniculatus. _9132351 |
| 650 | 1 | 4 |
_aPlantas forrajeras _xRendimiento. _988981 |
| 856 |
_aFinding aid _uhttp://10.13.5.2/tesis/sist113256.pdf _zTeclea aquí |
||
| 901 | _aBK | ||
| 942 | _cTESIS | ||
| 942 | _n0 | ||
| 999 |
_c109717 _d109717 |
||